Komparácia úrovne trémy u stredoškolákov a vysokoškolákov, ktorí končia štúdium

Tréma ako nepríjmený stav sprevádzajúci situácie súvisice s podávaním výkonov pred inými ľuďmi. Výskyt a úroveň trémy u stredoškolákov a vysokoškolákov končiacich štúdium. Výučba a nácvik techník a spôsobov zvládania trémy.

Salvato in:
Dettagli Bibliografici
Autore principale: Chmelárová, Zuzana, 1967-
Altri autori: Čonková, Andrea, 1982-
Natura: Capitolo di libro
Lingua:slovacco
Soggetti:
Tags: Aggiungi Tag
Nessun Tag, puoi essere il primo ad aggiungerne!!

MARC

LEADER 00000naa a2200000 4500
001 0221293
005 20240619090219.5
041 0 |a slo 
044 |a SK 
245 1 0 |a Komparácia úrovne trémy u stredoškolákov a vysokoškolákov, ktorí končia štúdium  |c Zuzana Chmelárová, Andrea Čonková 
520 |a Tréma ako nepríjmený stav sprevádzajúci situácie súvisice s podávaním výkonov pred inými ľuďmi. Výskyt a úroveň trémy u stredoškolákov a vysokoškolákov končiacich štúdium. Výučba a nácvik techník a spôsobov zvládania trémy. 
610 2 0 |a vzdelávanie 
610 2 0 |a pedagogika 
610 2 0 |a psychológia pedagogická 
610 2 0 |a študenti 
610 2 0 |a žiaci 
610 2 0 |a skúšky schopnosti 
610 2 0 |a stresy 
610 2 0 |a prejavy 
610 2 0 |a prezentácia 
610 2 0 |a výskum 
100 1 |a Chmelárová, Zuzana, 1967- 
700 1 |a Čonková, Andrea, 1982-